Регионална библиотека "Любен Каравелов" - Русе

Българистика и публицистика (Запис номер 14056)

MARC детайли
000 -Лидер
Контролно поле с фиксирана дължина 01531nam a2200373 c 4500
003 - Код на организацията, давaща контролен номер
Контролно поле BLK
005 - Дата и час на последна редакция
Контролно поле 20200413094154.0
008 - Елементи от данни с фиксирана дължина
fixed length control field 180412b bul|||||r ||||||| ||bul||
010 ## - Наследен системен номер
LC control number KNG00015749000
020 ## - Международен стандартен номер на книга ISBN
Международен стандартен номер на книга ISBN 954-8258-74-9
040 ## - Източник на каталожния запис
Идентификатор на билиотеката - собственик на записа BLK
041 ## - Код за език
Код за езика на текст/звукозапис или на отделно заглавие Български
Код за езика КДБФ Български
080 ## - УДК
Текстов определител УДК Български език
УДК код - определител по УДК 811.163.2
УДК определител -313
УДК - код + определител 811.163.2-313
080 ## - УДК
Текстов определител УДК Български език
УДК код - определител по УДК 811.163.2
УДК определител -087
УДК - код + определител 811.163.2-087
080 ## - УДК
Текстов определител УДК История на България
УДК код - определител по УДК 94(497.2)
УДК определител .04
УДК - код + определител 94(497.2).04
100 1# - Редна дума - Автор
Автор Неделчев, Нено Петров
Авторска отговорност първи автор
R(LIN) 249504
139 ## - Редно поле
Редна дума Неделчев, Нено Петров
Авторски знак Неделч - Н 44
245 10 - Сведения за заглавието
Заглавие Българистика и публицистика
Редно поле (дума) Нено Петров Неделчев.
257 ## - Страна на издаване
Страна на създаване/издаване България
300 ## - Физическа характеристика
Страници 288 с.
Илюстрации и др. със сх.
Размери/Мащаб 22 см
380 ## - Жанр
Жанр Езикознание. Филология
500 ## - Общи забележки
Забележка Деп. списък: 2 ; 500 тир Геогр. руб.: България
650 #4 - Допълнително описание по предмет – тема
Основно описание – тема или топоним Имена, лични, български
9 (RLIN) 246977
650 #4 - Допълнително описание по предмет – тема
Основно описание – тема или топоним Български език - диалекти
9 (RLIN) 241883
650 #4 - Допълнително описание по предмет – тема
Основно описание – тема или топоним Павликянство
9 (RLIN) 165455
650 #4 - Допълнително описание по предмет – тема
Основно описание – тема или топоним Възраждане - България
9 (RLIN) 243355
653 ## - Ключова дума – ненормативна
Ключова дума публицистика
852 ## - Местоположение
Форматна сигнатура Цб 191298
856 4# - Електронен адрес и достъп
Електронен формат pdf - файл
Път до файла /url/
856 4# - Електронен адрес и достъп
Електронен формат pdf - файл
Път до файла /url/
999 ## - СИСТЕМНИ КОНТРОЛНИ НОМЕРА
Koha biblionumber 14056
Koha biblioitemnumber 14056
942 ## - АРТИКУЛИ
Вид на библиотечния материал Книги
Скрит в OPAC Не
Периодичен библиозапис Да
944 ## - СЪЗДАВАНЕ И РЕДАКЦИЯ на ЗАПИСА
Създаване/Редакция Създаване
Дата на регистрацията/редакция 15.01.2003
Служител, извършил регистрацията/редакцията AB_DOS
944 ## - СЪЗДАВАНЕ И РЕДАКЦИЯ на ЗАПИСА
Създаване/Редакция Редакция
Дата на регистрацията/редакция 19.12.2016
Служител, извършил регистрацията/редакцията Ивелин_Попов
999 ## - СИСТЕМНИ КОНТРОЛНИ НОМЕРА
Koha biblioitemnumber 14056
Наличности
Код за отписване Код за изгубен артикул Източник на класификационната схема Код за повреда Коз за рестрикции Код за отдаване Артикулен № Име на библиотеката - собственик Име на библиотеката, в която се намира в момента Статус (Текущо местоположение) Дата на вписване в системата Местоположение - отдел Цена в лева Инвентарен номер Систематично азбучна сигнатура Баркод Номер на екземпляра Цена в евро Служебен тип на артикула
  Не е изгубен Universal Decimal Classification Не е повреден без рестрикции ползва се в читалня 24117 Регионална библиотека "Любен Каравелов" Русе Регионална библиотека "Любен Каравелов" Русе Хранилище 2001-01-01 Хранилище 0.00 628730 Цб 191298 120000628730 1 0.00 Книги
Vip Innovations Ltd, Rousse, Bulgaria 2025